Sociálne poistenie v Európskej únii Slovinsko
Závislosť sociálneho poistenia v Slovinsku od platby príspevkov všetkých zamestnancov a samostatne zárobkovo činných osôb. Sadzby poistného na jednotlivé druhy sociálneho poistenia. Dôchodkové poistenie: starobný dôchodok, invalidný dôchodok, pozostalostné dávky, vdovský a vdovecký dôchodok, sirotsk...
Guardado en:
| Autor principal: | |
|---|---|
| Formato: | Capítulo de libro |
| Lenguaje: | eslovaco |
| Materias: | |
| Etiquetas: |
Sin Etiquetas, Sea el primero en etiquetar este registro!
|
MARC
| LEADER | 00000naa$a2200000$$$4500 | ||
|---|---|---|---|
| 001 | 0088155 | ||
| 005 | 20230925075014.3 | ||
| 041 | 0 | |a slo | |
| 044 | |a SK | ||
| 245 | 1 | 0 | |a Sociálne poistenie v Európskej únii |b Slovinsko |c Adrián Terek |
| 520 | |a Závislosť sociálneho poistenia v Slovinsku od platby príspevkov všetkých zamestnancov a samostatne zárobkovo činných osôb. Sadzby poistného na jednotlivé druhy sociálneho poistenia. Dôchodkové poistenie: starobný dôchodok, invalidný dôchodok, pozostalostné dávky, vdovský a vdovecký dôchodok, sirotský dôchodok. Doplnkové dôchodkové dávky. | ||
| 610 | 2 | 0 | |a poistenie sociálne |
| 610 | 2 | 0 | |a poistenie dôchodkové |
| 610 | 2 | 0 | |a poistenie dôchodkové doplnkové |
| 610 | 2 | 0 | |a poistenie invalidné |
| 610 | 2 | 0 | |a dávky poistenia sociálneho |
| 610 | 2 | 0 | |a dávky poistné |
| 610 | 2 | 0 | |a Slovinsko |
| 100 | 1 | |a Terek, Adrián | |